Zdaňovanie firemného majetku

Predaj majetku po viac ako dvoch rokoch od kolaudácie. Oslobodenie od dane z pridanej hodnoty. Uskutočnenie predaja majetku do dvoch rokov od kolaudácie. Platenie dane z príjmu z predaja majetku. Vznik daňovej povinnosti pri prevode majetku. Ilustračný príklad na celkovú výšku daní, ktorú je podnika...

ver descrição completa

Na minha lista:
Detalhes bibliográficos
Autor principal: Mäsiarová, Terézia
Formato: Capítulo de Livro
Idioma:eslovaco
Assuntos:
Tags: Adicionar Tag
Sem tags, seja o primeiro a adicionar uma tag!

MARC

LEADER 00000naa a2200000 4500
001 r035222
005 20230919090121.3
041 0 |a slo 
044 |a SK 
245 1 0 |a Zdaňovanie firemného majetku  |c Terézia Mäsiarová 
520 |a Predaj majetku po viac ako dvoch rokoch od kolaudácie. Oslobodenie od dane z pridanej hodnoty. Uskutočnenie predaja majetku do dvoch rokov od kolaudácie. Platenie dane z príjmu z predaja majetku. Vznik daňovej povinnosti pri prevode majetku. Ilustračný príklad na celkovú výšku daní, ktorú je podnikateľ povinný zaplatiť pri prevode firemného majetku. 
610 2 0 |a majetok podnikový 
610 2 0 |a zdaňovanie 
610 2 0 |a predaj 
610 2 0 |a dane z príjmov 
610 2 0 |a povinnosť daňová 
610 2 0 |a oslobodenie od daní 
610 2 0 |a podnikatelia 
100 1 |a Mäsiarová, Terézia